000 01168cam a2200349 4500
001 D8611
008 090401t1969 xxu||||| |||| 00| 0 eng d
035 _a(Sirsi) u14107
041 _aeng
050 _a333.332
_c18
100 _aSedgwick, J. R. E.
245 4 _aThe valuation and development of petrol filling stations
250 _aRev ed.
260 _aLondon
_bEstates Gazette
_c1969
300 _axv, 251p.
_bill., map.
_c22cm
350 _a2.60
505 _aPetrol filling stations and pterol companies
505 _aThe highway
505 _aSiting and construction of petrol stations
505 _aThe valuation of petrol stations
505 _aTown and country planning in relation to petrol stations
505 _aGeneral legislation
520 _aA classic text on the valuation of petrol stations and garages.
650 _aHIGHWAYS ACT 1959
650 _aLANDLORD AND TENANT ACT 1927
650 _aLANDLORD AND TENANT ACT 1954
690 _aPROPERTY-COMMERCIAL PROPERTY-RETAIL PROPERTY-RETAIL PROPERTY APPRAISAL AND VALUATION
700 _aWestbrook, R. W.
700 _aJackson, J. A.
942 _n0
948 _c04/03/1997
999 _c87144
_d87144